00409 a2200157 4500003000400000005001700004008004100021020001800062040000900080082001800089100002400107245006600131250001200197260003200209300001000241OSt20240127093922.0240127b |||||||| |||| 00| 0 eng d a9789391376277 coclc a892.71bKAT/Z aKattayad, Mammootty aZuhairinte Muallaqa= Muallaqa of Zuhair /cMammootty Kattayad a1st ed. aCalicut:bIPB Books,c2022. a144p.